[Event "ch-RSA"]
[Site "Cape Town RSA"]
[Date "2009.12.03"]
[Round "8"]
[White "Kobese,W"]
[Black "Solomons,D"]
[Result "1-0"]
[WhiteElo "2385"]
[BlackElo "2191"]

1.e4 e5 2.Nf3 Nc6 3.Bb5 a6 4.Ba4 Nf6 5.O-O Be7 6.Re1 b5 7.Bb3 d6 8.c3 O-O
9.h3 Nb8 10.d4 Nbd7 11.Nh4 c5 12.Nf5 c4 13.Bc2 Kh8 14.a4 Rb8 15.axb5 axb5
16.b3 g6 17.Nxe7 Qxe7 18.bxc4 bxc4 19.Ba3 Rd8 20.Nd2 Nb6 21.dxe5 Qxe5 22.Nf3 Qe8
23.Qd4 Kg7 24.Bxd6 Be6 25.Ra7 Kg8 26.Qe5 Nfd7 27.Qf4 Ra8 28.Rb7 Ra6 29.Qh4 Nc8
30.Bc7 Nd6 31.Bxd8 Nxb7 32.Be7 Nf8 33.Bf6 Nd7 34.Bd4 Qd8 35.Ng5 Nf8 36.Rb1 Bc8
37.Qf4 Qe7 38.Nf3 Ne6 39.Qe5 f6 40.Qb8 Qc7 41.Qxc7 Nxc7 42.Rb4 Nd6 43.Bxf6 Ra2
44.Ne1 Kf7 45.Be5 Ncb5 46.Ra4 Rb2 47.Kf1 Ke6 48.Bg7 Bb7 49.f3 Bc6 50.Ra6 Bb7
51.Ra1 Ne8 52.Bd4 Nec7 53.Ke2 Kd6 54.Ke3 Bc6 55.f4 Ne6 56.Be5+ Ke7 57.Ra6 Kd7
58.Bd4 Nec7 59.Ra1 Ne6 60.h4 Nd8 61.g4 Ne6 62.f5 gxf5 63.gxf5 Nec7 64.Be5 Nd6
65.Rd1 Nb5 66.Bxd6  1-0

[Event "ch-IND National A"]
[Site "Mumbai IND"]
[Date "2009.12.05"]
[Round "5"]
[White "Thipsay,P"]
[Black "Anwesh,U"]
[Result "1/2-1/2"]
[WhiteElo "2466"]
[BlackElo "2406"]

1.e4 e5 2.Nf3 Nc6 3.Bb5 a6 4.Ba4 Nf6 5.O-O Be7 6.Re1 b5 7.Bb3 d6 8.c3 O-O
9.h3 Nb8 10.d4 Nbd7 11.Nbd2 Bb7 12.Bc2 Re8 13.a4 c5 14.d5 c4 15.Nf1 Bf8 16.Ng3 g6
17.Bg5 h6 18.Be3 Nc5 19.Bxc5 dxc5 20.Qe2 Nd7 21.Reb1 Qc7 22.Nd2 Reb8 23.Bd1 Bc8
24.b3 cxb3 25.axb5 Nb6 26.c4 axb5 27.Bxb3 b4 28.Qd1 Bd7 29.Ne2 Bd6 30.Nc1 Qd8
31.Nd3 f6 32.Qc1 Kg7 33.Bd1 Qc7 34.Nb2 Qd8 35.Bg4 Be8 36.Nb3 Ba4 37.Bd1 Bxb3
38.Bxb3 Rxa1 39.Rxa1 Ra8 40.Nd3 Qb8 41.g3 Ra7 42.Qd1 Qa8 43.Rxa7+ Qxa7 44.h4 h5
45.Kg2 Qa6 46.g4 hxg4 47.Qxg4 Qc8 48.Qg3 Qh8 49.Qg4 Qc8 50.f3 Kh7 51.Nf2 Bf8
52.Qg3 Bh6 53.Ng4 Kg7 54.h5 Bf4 55.Qh4 Bg5 56.h6+ Kh8 57.Qh2 Kh7 58.Qg3 Qc7
59.Qe1 Qa7 60.f4 exf4 61.e5 Qa3 62.exf6 Qb2+ 63.Kh1 Bxf6 64.Qe6 Qb1+ 65.Kh2 Qb2+
66.Kh1  1/2-1/2

[Event "ch-IND National A"]
[Site "Mumbai IND"]
[Date "2009.12.12"]
[Round "11"]
[White "Prathamesh,S"]
[Black "Sriram,J"]
[Result "1/2-1/2"]
[WhiteElo "2382"]
[BlackElo "2497"]

1.e4 e5 2.Nf3 Nc6 3.Bb5 a6 4.Ba4 Nf6 5.O-O Be7 6.Re1 b5 7.Bb3 d6 8.c3 O-O
9.h3 Nb8 10.d4 Nbd7 11.Nbd2 Bb7 12.Bc2 Re8 13.Nf1 Bf8 14.Ng3 g6 15.b3 Bg7
16.d5 Rc8 17.c4 c6 18.Bd2 a5 19.Bd3 bxc4 20.bxc4 Ba6 21.Bf1 Nc5 22.Rb1 Qc7
23.Qc1 cxd5 24.cxd5 Bxf1 25.Kxf1 Rb8 26.Qc2 Rxb1 27.Rxb1 Rb8 28.Kg1 Rxb1+
29.Qxb1 Qb7 30.Qxb7 Nxb7  1/2-1/2

[Event "Open Ch-Skopje"]
[Site "Skopje MKD"]
[Date "2009.12.15"]
[Round "4"]
[White "Veleski,R"]
[Black "Mitkov,M"]
[Result "0-1"]
[WhiteElo "2280"]
[BlackElo "2395"]

1.e4 e5 2.Nf3 Nc6 3.Bb5 a6 4.Ba4 Nf6 5.O-O Be7 6.Re1 b5 7.Bb3 d6 8.c3 O-O
9.h3 Nb8 10.d4 Nbd7 11.Nbd2 Bb7 12.Bc2 Re8 13.a4 Bf8 14.b4 Nb6 15.axb5 axb5
16.Bb2 exd4 17.cxd4 d5 18.e5 Ne4 19.Rxa8 Bxa8 20.Ba3 Nc4 21.Qc1 Nexd2 22.Nxd2 Qg5
23.Nxc4 Qxc1 24.Bxc1 bxc4 25.Bd2 Bc6 26.Ra1 Rb8 27.Ra7 Bxb4 28.Bxb4 Rxb4
29.Rxc7 Be8 30.Rc5 Kf8 31.Rxd5 Rb2 32.Bxh7 g6 33.Rc5 Kg7 34.Bxg6 Kxg6 35.Rxc4 Rd2
36.Kf1 Bb5 37.Ke1 Rb2 38.Rc5 Kf5 39.Rc7 Ke4 40.d5 Kxd5 41.Rxf7 Kxe5 42.h4 Kd4
43.g4 Kc3 44.f4 Re2+ 45.Kd1 Rf2 46.Re7 Rf1+ 47.Re1 Rxf4 48.Rg1 Re4 49.Rg3+ Bd3
50.h5 Rf4 51.Rg1 Ra4 52.Ke1 Ra2 53.g5 Re2+ 54.Kd1 Rd2+ 55.Ke1 Re2+ 56.Kd1 Re8
57.Rg3 Kd4 58.Rg4+ Ke5 59.Kd2 Bf5 60.Rg1 Kf4 61.g6 Rg8 62.Kc3 Bg4 63.Rh1 Kg5
64.h6 Kxg6 65.Kd4 Rh8 66.Ke5 Bh5 67.Rg1+ Kxh6  0-1

[Event "Open Ch-Skopje"]
[Site "Skopje MKD"]
[Date "2009.12.17"]
[Round "6"]
[White "Vladimirov,V MKD"]
[Black "Pancevski,F"]
[Result "0-1"]
[WhiteElo "2217"]
[BlackElo "2439"]

1.e4 e5 2.Nf3 Nc6 3.Bb5 a6 4.Ba4 Nf6 5.O-O Be7 6.Re1 b5 7.Bb3 d6 8.c3 O-O
9.h3 Nb8 10.d4 Nbd7 11.Nbd2 Bb7 12.Bc2 Re8 13.Nf1 Bf8 14.Ng3 g6 15.a4 c6
16.Bg5 Bg7 17.Qd2 Qc7 18.Bb3 c5 19.d5 c4 20.Bc2 Nc5 21.axb5 axb5 22.Bh6 Bh8
23.Ng5 Qe7 24.Nf3 Nfd7 25.Nh2 Bg7 26.Bg5 Qf8 27.Ng4 h5 28.Nh2 Kh7 29.Nf3 Bh6
30.h4 f6 31.Bxh6 Qxh6 32.Kf1 Reb8 33.Reb1 Bc8 34.Qxh6+ Kxh6 35.Nd2 Nb6 36.Kg1 Bd7
37.f3 Nba4 38.Ne2 Ra6 39.b3 cxb3 40.Nxb3 Rba8 41.Kf2 Nb6 42.Rxa6 Rxa6 43.Nxc5 dxc5
44.Nc1 c4 45.Ke3 f5 46.Rb2 f4+ 47.Kd2 g5 48.hxg5+ Kxg5 49.Na2 Kh4 50.Nb4 Ra5
51.Rb1 Kg3 52.Rh1 Be8 53.Nc6 Kxg2 54.Rxh5 Bxh5 55.Nxa5 Bxf3 56.Nc6 Nd7 57.Ne7 Bg4
58.Nf5 Bxf5 59.exf5 Nf6 60.d6 f3 61.d7 Nxd7 62.Be4 Nf6 63.Bc6 e4 64.Bxb5 Kf2
65.Bxc4 e3+  0-1

[Event "Christamas Open Masters"]
[Site "Zurich SUI"]
[Date "2009.12.27"]
[Round "3"]
[White "Wyss,J"]
[Black "Baramidze,D"]
[Result "0-1"]
[WhiteElo "2276"]
[BlackElo "2519"]

1.e4 e5 2.Nf3 Nc6 3.Bb5 a6 4.Ba4 Nf6 5.O-O Be7 6.Re1 b5 7.Bb3 d6 8.c3 O-O
9.h3 Nb8 10.d4 Nbd7 11.Nbd2 Bb7 12.Bc2 Re8 13.Nf1 Bf8 14.Ng3 g6 15.a4 c5
16.d5 c4 17.Be3 Nc5 18.Qd2 Nfd7 19.Nh2 h5 20.h4 Nb6 21.axb5 axb5 22.Bg5 Be7
23.Rxa8 Bxa8 24.Bxe7 Qxe7 25.Re3 Qxh4 26.Rf3 Kg7 27.Rf5 Rh8 28.Qe3 Bb7 29.Bd1 Bc8
30.Rxe5 dxe5 31.Qxc5 Qf6 32.Qxb5 Qd6 33.Be2 Bd7 34.Qb4 Qxb4 35.cxb4 Ra8 36.Nf3 f6
37.Nd2 Bb5 38.Ngf1 Ra1 39.Kh2 Re1 40.Bf3 c3  0-1

[Event "2nd Kirov Memorial Open"]
[Site "Blagoevgrad BUL"]
[Date "2010.01.15"]
[Round "7"]
[White "Janev,E"]
[Black "Veleski,R"]
[Result "1-0"]
[WhiteElo "2461"]
[BlackElo "2289"]

1.e4 e5 2.Nf3 Nc6 3.Bb5 a6 4.Ba4 Nf6 5.O-O Be7 6.Re1 b5 7.Bb3 d6 8.c3 O-O
9.h3 Nb8 10.d4 Nbd7 11.Nbd2 Bb7 12.Bc2 Re8 13.Nf1 Bf8 14.Ng3 g6 15.a4 Bg7
16.d5 Qe7 17.Bg5 h6 18.Be3 c6 19.dxc6 Bxc6 20.axb5 axb5 21.Qd2 Kh7 22.b4 d5
23.exd5 Nxd5 24.Rxa8 Rxa8 25.h4 Ra3 26.h5 Rxc3 27.hxg6+ fxg6 28.Be4 N7f6
29.Bc5 Qc7 30.Bb1 e4 31.Nxe4 Nxe4 32.Bxe4 Rxf3 33.Bxf3 Bc3 34.Qd1 Bxe1 35.Qxe1 Nf6
36.Bxc6 Qxc6 37.Qe7+ Kg8 38.Qf8+ Kh7 39.Qf7+ Kh8 40.Qxg6 h5 41.Qh6+ Kg8 42.Bd4 Kf7
43.Bxf6 Qxf6 44.Qxh5+ Ke7 45.Qxb5 Qa1+ 46.Qf1 Qb2 47.Qe1+  1-0

[Event "2nd Kirov Memorial Open"]
[Site "Blagoevgrad BUL"]
[Date "2010.01.16"]
[Round "8"]
[White "Nikolova,A"]
[Black "Gantar,J"]
[Result "1-0"]
[WhiteElo "2336"]
[BlackElo "2077"]

1.e4 e5 2.Nf3 Nc6 3.Bb5 a6 4.Ba4 Nf6 5.O-O Be7 6.Re1 b5 7.Bb3 d6 8.c3 O-O
9.h3 Nb8 10.d4 Nbd7 11.Nbd2 c5 12.Nf1 Re8 13.Ng3 g6 14.a4 Bb7 15.d5 c4 16.Bc2 Bf8
17.Be3 Qc7 18.Qd2 Nc5 19.Nh4 Kh8 20.Bh6 Bxh6 21.Qxh6 Ng8 22.Qd2 Qe7 23.Nf3 Rad8
24.Nh2 Bc8 25.axb5 axb5 26.Ra5 Bd7 27.Rea1 Qf8 28.Nhf1 Ra8 29.f4 f6 30.f5 Rxa5
31.Rxa5 Ra8 32.Rxa8 Qxa8 33.Qd1 Ne7 34.Ne3 Qa7 35.Kf2 Kg7 36.Ke2 Qa2 37.Qc1 Nc8
38.Ng4 Kf7 39.Qh6 Qxb2 40.Qxh7+ Ke8 41.Qh8+ Ke7 42.Qxf6+ Ke8 43.Qh8+ Kf7
44.Nh6+  1-0

[Event "8th Parsvnath Open"]
[Site "New Delhi IND"]
[Date "2010.01.18"]
[Round "7"]
[White "Lokesh,P"]
[Black "Singh,Ri"]
[Result "1/2-1/2"]
[WhiteElo "2120"]
[BlackElo "2226"]

1.e4 e5 2.Nf3 Nc6 3.Bb5 a6 4.Ba4 Nf6 5.O-O Be7 6.Re1 b5 7.Bb3 d6 8.c3 O-O
9.h3 Nb8 10.d4 Nbd7 11.Nbd2 Bb7 12.Bc2 Re8 13.Nf1 Bf8 14.Ng3 g6 15.a4 Bg7
16.Bd3 c6 17.Bg5 h6 18.Bd2 Qe7 19.Qc1 Qf8 20.h4 h5 21.Bg5 Rac8 22.axb5 cxb5
23.d5 Ng4 24.Nh2 Nc5 25.Bc2 f6 26.Bd2 Nh6 27.Qd1 Rc7 28.Nhf1 Bc8 29.Ne3 Bh8
30.Qe2 Ng4 31.b4 Nxe3 32.Bxe3 Na4 33.Bxa4 bxa4 34.c4 f5 35.Bb6 Rb7  1/2-1/2

[Event "8th Parsvnath Open"]
[Site "New Delhi IND"]
[Date "2010.01.19"]
[Round "8"]
[White "Prince,Ba"]
[Black "Swayams,M"]
[Result "0-1"]
[WhiteElo "2155"]
[BlackElo "2340"]

1.e4 e5 2.Nf3 Nc6 3.Bb5 a6 4.Ba4 Nf6 5.O-O Be7 6.Re1 b5 7.Bb3 O-O 8.c3 d6
9.h3 Nb8 10.d4 Nbd7 11.Nbd2 Bb7 12.Bc2 Re8 13.Nf1 Bf8 14.Ng3 g6 15.a4 Bg7
16.Bd3 c6 17.Bg5 Qc7 18.Qd2 Nf8 19.b4 Ne6 20.Be3 Nd7 21.Bf1 Nb6 22.a5 Nd7
23.Rad1 Rad8 24.Ng5 Nxg5 25.Bxg5 f6 26.Bh6 Nf8 27.Bxg7 Qxg7 28.f4 exf4 29.Qxf4 Ne6
30.Qf2 Kh8 31.Bd3 Rf8 32.Rf1 Bc8 33.d5 cxd5 34.exd5 Nc7 35.c4 f5 36.Ne2 f4
37.Qd4 f3 38.Qxg7+ Kxg7 39.Rxf3 Rxf3 40.gxf3 Bxh3 41.Nf4 bxc4 42.Bxc4 Bd7
43.Rf1 Rb8 44.Nd3 Bf5 45.Rb1 Nxd5 46.Bxa6 Bxd3 47.Bxd3 Nxb4 48.Be2 Kf6 49.a6  0-1

[Event "Bunratty Masters"]
[Site "Bunratty IRL"]
[Date "2010.03.21"]
[Round "6"]
[White "Hunt,A"]
[Black "Short,P"]
[Result "1-0"]
[WhiteElo "2425"]
[BlackElo "2296"]

1.e4 e5 2.Nf3 Nc6 3.Bb5 a6 4.Ba4 Nf6 5.O-O Be7 6.Re1 b5 7.Bb3 d6 8.c3 O-O
9.h3 Nb8 10.d4 Nbd7 11.Nbd2 Bb7 12.Bc2 Re8 13.Nf1 Bf8 14.Ng3 g6 15.a4 Bg7
16.Bd3 bxa4 17.Rxa4 d5 18.dxe5 Nxe4 19.Nxe4 dxe4 20.Bxe4 Bxe4 21.Raxe4 Nxe5
22.Nxe5 Qxd1 23.Rxd1 Rxe5 24.Rc4 Re7 25.Bf4 Rc8 26.Rd6 Re1+ 27.Kh2 Be5 28.Bxe5 Rxe5
29.Rxa6 Re2 30.b4 Rxf2 31.Rac6 Rd8 32.Rxc7 Rdd2 33.Rg4 f5 34.Rg5 f4 35.b5 Rb2
36.Rd5 Rxg2+ 37.Kh1 Rh2+ 38.Kg1 Rbg2+ 39.Kf1 Rf2+ 40.Ke1 Re2+ 41.Kd1 Re8
42.Rd3 Ra8 43.Ke1 Ra1+ 44.Rd1 Rh1+ 45.Kf2 Rhxd1 46.b6 Ra8 47.b7 Rb8 48.c4 Rdd8
49.c5 Rf8 50.c6 f3  1-0

[Event "TCh-FIN 2009-10"]
[Site "Finland FIN"]
[Date "2010.03.21"]
[Round "9"]
[White "Sammalvuo,T"]
[Black "Solozhenkin,E"]
[Result "1/2-1/2"]
[WhiteElo "2481"]
[BlackElo "2493"]

1.e4 e5 2.Nf3 Nc6 3.Bb5 a6 4.Ba4 Nf6 5.O-O Be7 6.Re1 b5 7.Bb3 d6 8.c3 O-O
9.h3 Nb8 10.d4 Nbd7 11.Nbd2 Bb7 12.Bc2 Re8 13.Nf1 Bf8 14.Ng3 g6 15.a4 c5
16.d5 c4 17.Bg5 h6 18.Be3 Nc5 19.Qd2 h5 20.Bg5 Be7 21.Bh6 Nfd7 22.Rf1  1/2-1/2

[Event "21st Pobeskydi TS Cup"]
[Site "Frydek-Mistek CZE"]
[Date "2010.04.05"]
[Round "9"]
[White "Petenyi,T"]
[Black "Sosovicka,J"]
[Result "1/2-1/2"]
[WhiteElo "2300"]
[BlackElo "2085"]

1.e4 e5 2.Nf3 Nc6 3.Bb5 a6 4.Ba4 Nf6 5.O-O Be7 6.Re1 b5 7.Bb3 d6 8.c3 O-O
9.h3 Nb8 10.d4 Nbd7 11.Nbd2 Bb7 12.Bc2 Re8 13.Nf1 Bf8 14.Ng3 g6 15.a4 c5
16.Bd3 c4 17.Bc2 Bg7 18.Be3 d5 19.Nxe5 Nxe5 20.dxe5 Nxe4 21.Nxe4 dxe4 22.Qxd8  1/2-1/2

[Event "TCh-ISR"]
[Site "Israel ISR"]
[Date "2010.04.16"]
[Round "5"]
[White "Sidorenko,I"]
[Black "Lev,R"]
[Result "0-1"]
[WhiteElo "2407"]
[BlackElo "2395"]

1.e4 e5 2.Nf3 Nc6 3.Bb5 a6 4.Ba4 Nf6 5.O-O Be7 6.Re1 b5 7.Bb3 d6 8.c3 O-O
9.h3 Nb8 10.d4 Nbd7 11.Nbd2 Bb7 12.Bc2 Re8 13.Nf1 Bf8 14.Ng3 g6 15.b3 c6
16.Bb2 Qc7 17.c4 Rac8 18.a4 bxc4 19.bxc4 exd4 20.Bxd4 Bg7 21.Rb1 Ne5 22.c5 Rcd8
23.cxd6 Nxf3+ 24.Qxf3 Rxd6 25.Bb6 Qc8 26.Bc5 Rd7 27.Bb3 Qd8 28.Red1 Bc8 29.Bc4 Qa5
30.Rxd7 Bxd7 31.Bd4 Qxa4 32.Qc3 c5 33.Bxf6 Bxf6 34.Qd3 a5 35.Rb7 Be6 36.Bxe6 Rxe6
37.Rb8+ Re8 38.Qd6 Rxb8 39.Qxb8+ Kg7 40.Kh2 Qd4 41.f4 Bh4 42.f5 Bf6 43.Qf4 a4
44.Qg4 Be5 45.Qg5 Qd6  0-1

[Event "TCh-NED 2009-10"]
[Site "Netherlands NED"]
[Date "2010.04.18"]
[Round "9"]
[White "Bok,B"]
[Black "Pruijssers,R"]
[Result "1/2-1/2"]
[WhiteElo "2351"]
[BlackElo "2415"]

1.e4 e5 2.Nf3 Nc6 3.Bb5 a6 4.Ba4 Nf6 5.O-O Be7 6.Re1 b5 7.Bb3 d6 8.c3 O-O
9.h3 Nb8 10.d4 Nbd7 11.Nbd2 Bb7 12.Bc2 Re8 13.Nf1 Bf8 14.Ng3 g6 15.a4 c5
16.d5 c4 17.Bg5 h6 18.Be3 Nc5 19.Qd2 h5 20.Bxc5 dxc5 21.Nf1 Nd7 22.Qe3 Qf6
23.N1d2 Nb6 24.Reb1 Bc8 25.axb5 axb5 26.Rxa8 Nxa8 27.Ra1 Nc7 28.b3 cxb3 29.Nxb3 c4
30.Na5 Na6 31.Nc6 Bc5 32.Qe2 Nc7 33.Kh2 Bd7 34.Nb4 Bxb4 35.cxb4 Nxd5 36.Qd1 Nxb4
37.Qxd7 Rd8 38.Qc7 Nxc2 39.Ra6 Qxa6 40.Qxd8+ Kg7 41.Qd2 Nd4 42.Nxd4 exd4
43.Qxd4+ Qf6 44.e5 Qe6 45.Qb2 Qc6 46.Qd4 Kh7 47.Qd6 Qc8 48.Qd5 Qc7 49.Qd6 Qxd6
50.exd6 c3 51.d7 c2 52.d8=Q c1=Q 53.Qf6 Qc7+ 54.Kg1 b4 55.g3 Kg8 56.Kf1 b3
57.Kg1 Qb7 58.Qb2 Qf3 59.Qe5 h4 60.gxh4 Qxh3 61.h5 Qg4+ 62.Kf1 Qh3+ 63.Kg1 Qg4+
64.Kf1 Qc4+ 65.Kg1 Qc1+ 66.Kg2 b2 67.h6 Qxh6 68.Qxb2 Qg5+ 69.Kf1 Qf5 70.Qb8+ Kg7
71.Kg1 g5 72.Qd6 Kh7 73.Kg2 Qe4+ 74.Kg3 g4 75.Qf4 Qxf4+ 76.Kxf4  1/2-1/2

[Event "Open"]
[Site "Bar MNE"]
[Date "2010.04.22"]
[Round "7"]
[White "Djukic,Ni"]
[Black "Miron,L"]
[Result "1/2-1/2"]
[WhiteElo "2509"]
[BlackElo "2482"]

1.e4 e5 2.Nf3 Nc6 3.Bb5 a6 4.Ba4 Nf6 5.O-O Be7 6.Re1 b5 7.Bb3 d6 8.c3 O-O
9.h3 Nb8 10.d4 Nbd7 11.Nbd2 Bb7 12.Bc2 Re8 13.Nf1 Bf8 14.Ng3 g6 15.a4 Nb6
16.b3 Bg7 17.Rb1 Rb8 18.axb5 axb5 19.Bd3 c6 20.Be3 Nbd7 21.Qd2 d5 22.dxe5 Nxe4
23.Bxe4 dxe4 24.Nxe4 Nxe5 25.Nxe5 Bxe5 26.Qxd8 Rbxd8 27.Bg5 Rc8 28.Bf6 Kf8
29.Bxe5 Rxe5 30.f4 Re7 31.Nd6 Rb8 32.c4 Bc8 33.g4 f5 34.g5 Be6 35.cxb5 cxb5
36.Re5 Bd7 37.Rbe1 Rxe5 38.fxe5 Ke7 39.Ra1 Ke6 40.Ra7 Rb6 41.h4 Kxe5 42.Rxd7 Rxd6
43.Rxh7 Kf4 44.Kf2 Rd2+ 45.Ke1 Rb2 46.Rg7 Kg4 47.Rxg6 Kxh4 48.Rb6 Kxg5 49.Rxb5 Kg4
50.Rb8 f4 51.b4 f3  1/2-1/2

[Event "VIII World's Youth Stars"]
[Site "Kirishi RUS"]
[Date "2010.05.10"]
[Round "2"]
[White "Sethuraman,S"]
[Black "Kashlinskaya,A"]
[Result "1-0"]
[WhiteElo "2493"]
[BlackElo "2346"]

1.e4 e5 2.Nf3 Nc6 3.Bb5 a6 4.Ba4 Nf6 5.O-O Be7 6.Re1 b5 7.Bb3 d6 8.c3 O-O
9.h3 Nb8 10.d4 Nbd7 11.Nbd2 Bb7 12.Bc2 Re8 13.a4 Bf8 14.Bd3 c6 15.b4 Qc7
16.Qc2 g6 17.Bb2 Bg7 18.dxe5 dxe5 19.c4 bxa4 20.c5 a5 21.bxa5 Bf8 22.Nc4 Bxc5
23.Rxa4 Ba6 24.Rd1 Bf8 25.Raa1 h6 26.Bc3 Ra7 27.Bf1 Bc5 28.Rab1 Raa8 29.Nb6 Bxb6
30.axb6 Qb7 31.Rd6 Bxf1 32.Kxf1 Ra6 33.Nxe5 Nxe5 34.Rxf6 Rxb6 35.Rd1 c5 36.Rxb6 Qxb6
37.Rd5 Nc6 38.Kg1 Nb4 39.Qa4 Rc8 40.Rd7 Qe6 41.Qd1 Nc6 42.Qd5 Qe8 43.Rd6 Nd4
44.Rxg6+ Kh7 45.Rg4 Qe6 46.Bxd4 Qxd5 47.exd5 cxd4 48.Rxd4  1-0

[Event "ch-Commonwealth"]
[Site "Delhi IND"]
[Date "2010.05.12"]
[Round "5"]
[White "Kaushik,S"]
[Black "Shyam,SM"]
[Result "1/2-1/2"]
[WhiteElo "2144"]
[BlackElo "2372"]

1.e4 e5 2.Nf3 Nc6 3.Bb5 a6 4.Ba4 Nf6 5.O-O Be7 6.Re1 b5 7.Bb3 d6 8.c3 O-O
9.h3 Nb8 10.d4 Nbd7 11.Nbd2 Bb7 12.Bc2 Re8 13.a4 Bf8 14.Bd3 c6 15.b3 Qc7
16.Bb2 Rac8 17.Qc2 Qb8 18.Rac1 Ba8 19.Qb1 g6 20.Qa1 Bh6 21.Rcd1 Bg7 22.c4 bxa4
23.Qxa4 exd4 24.Bxd4 Nh5 25.Be3 Bb7 26.b4 Qc7 27.c5 dxc5 28.bxc5 Nf4 29.Bc4 Ne6
30.Nb3 Rcd8 31.Bxe6 Rxe6 32.Bd2 Rde8 33.Ba5 Qc8 34.Qc4 h6 35.Rd3 Bf6 36.Qc1 Rxe4
37.Rxe4 Rxe4 38.Qxh6 Qe8 39.Qd2 Bc8 40.Rd6 Re6 41.Bb4 Nf8 42.Na5 Be7 43.Nd4 Bxd6
44.Nxe6 Be7 45.Nc7 Qd7 46.Qxd7 Bxd7 47.Nxa6 Ne6 48.Nb8 Bxc5 49.Bxc5 Nxc5
50.Nxd7 Nxd7 51.Nxc6 Kg7 52.g3 f5 53.Kg2 Kf6 54.Kf3 Nf8 55.Nd4 Nd7 56.h4 Ne5+
57.Ke2 Nd7 58.Nf3 Nc5 59.Ke3 Ne4 60.Nd2 Nd6 61.Kf4 Nb5 62.g4 fxg4 63.Ne4+ Kg7
64.Kxg4 Nd4 65.f4 Ne6 66.Ng5 Nd4 67.Ne4 Ne6 68.Nf2 Kf6 69.Nd3 Kg7 70.Ne5 Nd4  1/2-1/2

[Event "XXIX Open A"]
[Site "Zalakaros HUN"]
[Date "2010.05.29"]
[Round "4"]
[White "Tesik,C"]
[Black "Vukovic,Ivo"]
[Result "0-1"]
[WhiteElo "2162"]
[BlackElo "2229"]

1.e4 e5 2.Nf3 Nc6 3.Bb5 a6 4.Ba4 Nf6 5.O-O Be7 6.Re1 b5 7.Bb3 O-O 8.c3 d6
9.h3 Nb8 10.d4 Nbd7 11.Nbd2 Bb7 12.a4 c5 13.Bc2 Re8 14.Nf1 Rc8 15.Ng3 g6
16.Be3 Bf8 17.d5 Qc7 18.Nh2 Bg7 19.Ng4 Nxg4 20.hxg4 Rb8 21.a5 Bc8 22.b3 Qd8
23.f3 Qh4 24.Kf2 Bh6 25.Qd2 Bxe3+ 26.Qxe3 Qf6 27.Rh1 Nf8 28.g5 Qg7 29.Rh4 Rb7
30.Ne2 f6 31.gxf6 Qxf6 32.Rah1 Ree7 33.Ke1 Rf7 34.Kd2 b4 35.c4 Qd8 36.g3 Qxa5
37.f4 Rbe7 38.Ng1 exf4 39.gxf4 Qa2 40.Nf3 Rxe4 41.Qxe4 Bf5 42.Qe3 Bxc2 43.Ke1 Qxb3
44.Kf2 Qxe3+ 45.Kxe3 a5 46.Ng5 Re7+ 47.Kd2 Bf5 48.Ra1 Ra7 49.Kc1 a4 50.Kb2 a3+
51.Ka2 Re7 52.Rh2 Bd3 53.Rc1 Kg7 54.Rd2 Re3 55.Ne6+ Nxe6 56.dxe6 Kf6  0-1

[Event "9th TCh-BIH Premier"]
[Site "Bihac BIH"]
[Date "2010.06.10"]
[Round "6"]
[White "Pestek,E"]
[Black "Nuhic,A"]
[Result "1/2-1/2"]
[WhiteElo "1985"]
[BlackElo "2169"]

1.e4 e5 2.Nf3 Nc6 3.Bb5 a6 4.Ba4 Nf6 5.O-O b5 6.Bb3 Be7 7.Re1 d6 8.h3 O-O
9.c3 Nb8 10.a4 Bb7 11.Bc2 Nbd7 12.d4 c5 13.Nbd2 Qc7 14.d5 Rfb8 15.Nf1 c4
16.Ng3 Bf8 17.Nf5 Bc8 18.N3h4 Nc5 19.Bg5 Ne8 20.axb5 axb5 21.Rxa8 Rxa8 22.Bc1 Ra1
23.Qe2 Ba6 24.Be3 Ra2 25.Bb1 Ra1 26.Bc2 Qa5 27.f4 Nd7 28.Kh2 Qa2 29.Bd1 Nef6
30.fxe5 Nxe5 31.Bg5 Ne8 32.Ne7+ Bxe7 33.Bxe7 Rb1 34.Qh5 Rxb2 35.Bxd6 Ng6
36.Bf3 Nxd6 37.e5 Ne8 38.e6 Qa3 39.exf7+ Kxf7 40.Qf5+ Nf6 41.Qe6+ Kf8 42.Nxg6+ hxg6
43.d6 Rd2 44.d7 Qd6+ 45.Qxd6+ Rxd6 46.Re6 Rxd7 47.Rxa6 Nd5 48.Ra8+ Ke7 49.Ra3 Kd6
50.Kg3 Kc5 51.Kg4 Kb6 52.Kg5 Ne7 53.Be4 Ra7 54.Rxa7 Kxa7 55.h4 Kb6 56.g4 Kc5
57.h5 gxh5 58.gxh5 Kd6 59.Kg4 Ke5 60.Kf3 Nf5 61.Bb1 Nd6 62.Kg4 Kf6 63.Kf4 Nb7
64.Be4 Nd8 65.Bg6 Ne6+ 66.Ke4 Kg5 67.Be8 Nc7 68.Bf7 Kf6 69.Bg6 Ke6 70.Kd4 Kd6
71.Bf7 Ke7 72.Bg6 Ne6+ 73.Ke5 Nc5 74.Kd5 Nd3 75.Kd4 Nf4 76.Kc5 Ne2 77.Kxb5 Nxc3+
78.Kxc4  1/2-1/2

[Event "ch-NED"]
[Site "Eindhoven NED"]
[Date "2010.06.11"]
[Round "1"]
[White "Nijboer,F"]
[Black "Van Kampen,R"]
[Result "1-0"]
[WhiteElo "2567"]
[BlackElo "2481"]

1.e4 e5 2.Nf3 Nc6 3.Bb5 a6 4.Ba4 Nf6 5.O-O Be7 6.Re1 b5 7.Bb3 d6 8.c3 O-O
9.h3 Nb8 10.d4 Nbd7 11.Nbd2 Bb7 12.Bc2 Re8 13.Nf1 Bf8 14.Ng3 g6 15.a4 c5
16.d5 c4 17.Bg5 h6 18.Be3 Nc5 19.Qd2 h5 20.Bg5 Be7 21.Bh6 Bf8 22.Bg5 Be7
23.Be3 Nfd7 24.Ng5 Bf6 25.Rf1 Qe7 26.Ne2 Nb6 27.Bxc5 dxc5 28.h4 Rf8 29.Qe3 Qc7
30.Rad1 Rae8 31.axb5 axb5 32.d6 Qc6 33.Rd2 Rd8 34.Rfd1 Bg7 35.f4 exf4 36.Qxf4 Nd7
37.Nf3 Rfe8 38.Rf1 Re6 39.Nfd4 cxd4 40.Qxf7+ Kh7 41.Nxd4 Qb6 42.Qxe6 Nc5
43.Qh3 Bxe4 44.Rf7 Bxc2 45.Rxc2 Nb3 46.Qe3 Nxd4 47.Rd2  1-0

[Event "9th TCh-BIH Premier"]
[Site "Bihac BIH"]
[Date "2010.06.13"]
[Round "9"]
[White "Milovanovic,B"]
[Black "Nuhic,A"]
[Result "1/2-1/2"]
[WhiteElo "1904"]
[BlackElo "2169"]

1.e4 e5 2.Nf3 Nc6 3.Bb5 a6 4.Ba4 Nf6 5.O-O b5 6.Bb3 Be7 7.Re1 O-O 8.c3 d6
9.h3 Nb8 10.d4 Nbd7 11.Bg5 Bb7 12.Nbd2 c5 13.d5 c4 14.Bc2 Nxd5 15.Bxe7 Nxe7
16.Nf1 Qc7 17.Ng3 Nf6 18.Qe2 Rfd8 19.Rad1 Ng6 20.Rd2 Nf4 21.Qe3 g6 22.Red1 Kg7
23.Nf1 Rac8 24.Kh2 a5 25.g3 Nd3 26.Bxd3 cxd3 27.Ne1 Nxe4 28.Rxd3 h6 29.g4 Qe7
30.Ng3 Nc5 31.R3d2 Ne6 32.Rxd6 Qf6 33.Rd7 Ba8 34.Rxd8 Nxd8 35.Nd3 Nc6 36.Re1 Re8
37.f4 Qe6 38.fxe5 Qxa2 39.Qf2 Qd5 40.Qf6+ Kg8 41.Nf4 Qd8 42.Qxd8 Rxd8 43.e6 Rd2+
44.Re2 Rxe2+ 45.Ngxe2 fxe6 46.Nxe6 Ne5 47.N2d4 Nd3 48.Nc7 Be4 49.Ncxb5 Nxb2
50.Na3 Bd5 51.Kg3 Kf7  1/2-1/2

[Event "14th Master Open"]
[Site "Voronezh RUS"]
[Date "2010.06.14"]
[Round "3"]
[White "Panarin,M"]
[Black "Kovalev,Vl"]
[Result "1/2-1/2"]
[WhiteElo "2521"]
[BlackElo "2334"]

1.e4 e5 2.Nf3 Nc6 3.Bb5 a6 4.Ba4 Nf6 5.O-O Be7 6.Re1 b5 7.Bb3 d6 8.c3 O-O
9.h3 Nb8 10.d4 Nbd7 11.c4 Bb7 12.Nc3 c6 13.c5 exd4 14.cxd6 Bxd6 15.Nxd4 Be5
16.f4 Bxd4+ 17.Qxd4 c5 18.Qd6 Qb6 19.Qxb6 Nxb6 20.Be3 Rac8 21.Rac1 b4 22.Nd5 Nbxd5
23.exd5 Nxd5 24.Bxd5 Bxd5 25.Bxc5 Rfe8 26.Bxb4  1/2-1/2

[Event "14th Master Open"]
[Site "Voronezh RUS"]
[Date "2010.06.14"]
[Round "3"]
[White "Artemiev,V"]
[Black "Yatzenko,A"]
[Result "0-1"]
[WhiteElo "2246"]
[BlackElo "2345"]

1.e4 e5 2.Nf3 Nc6 3.Bb5 a6 4.Ba4 Nf6 5.O-O Be7 6.Re1 b5 7.Bb3 d6 8.c3 O-O
9.h3 Nb8 10.d4 Nbd7 11.Nbd2 Bb7 12.Bc2 Re8 13.Nf1 Bf8 14.Ng3 g6 15.b3 c5
16.Bb2 Qc7 17.Qd2 a5 18.d5 c4 19.b4 axb4 20.cxb4 Nb6 21.Ne2 Na4 22.Bxa4 bxa4
23.a3 Nxe4 24.Qd1 Qb6 25.Rf1 Qb5 26.Nd2 Qxd5 27.Nxe4 Qxe4 28.f3 Qc6 29.Rf2 d5
30.f4 f6 31.fxe5 fxe5 32.Nd4 Qb6 33.Qf3 Bg7 34.Qf7+ Kh8 35.Nf3 Rf8 36.Qe7 Rae8
37.Qd7 d4 38.Raf1 Bxf3 39.Rxf3 Qd8 40.Qc6 c3 41.Bc1 Rxf3 42.Rxf3 Qc8 43.Qd6 Qe6
44.Qc7 e4 45.Rf7 Qe5 46.Qd7 Rf8 47.Bf4 Rxf7 48.Qxf7 c2 49.g3 c1=Q+ 50.Bxc1 Qxg3+
51.Kf1 Qxh3+ 52.Kg1 Qc8 53.Bg5 h6 54.Bf4 Qg4+ 55.Kh2 e3 56.Bg3 e2 57.Qe8+ Kh7
58.b5 d3 59.Be1 Qh5+ 60.Kg1 Qg5+ 61.Kh2 d2  0-1

[Event "ch-NED"]
[Site "Eindhoven NED"]
[Date "2010.06.19"]
[Round "8"]
[White "Bok,B"]
[Black "Van Kampen,R"]
[Result "1-0"]
[WhiteElo "2430"]
[BlackElo "2481"]

1.e4 e5 2.Nf3 Nc6 3.Bb5 a6 4.Ba4 Nf6 5.O-O Be7 6.Re1 b5 7.Bb3 d6 8.c3 O-O
9.h3 Nb8 10.d4 Nbd7 11.Nbd2 Bb7 12.Bc2 Re8 13.a4 c5 14.d5 c4 15.b3 cxb3 16.Nxb3 Qc7
17.Bd2 bxa4 18.Rxa4 Nb6 19.Ra1 Nc4 20.Bc1 Nd7 21.Nfd2 Ndb6 22.Bd3 Rec8 23.Qe2 Bd8
24.Nxc4 Nxc4 25.Nd2 Nb6 26.Ba3 Qd7 27.c4 Na4 28.Nb3 Rab8 29.Bxd6 Qxd6 30.Rxa4 Bxd5
31.exd5 Rxb3 32.Bxh7+ Kf8 33.Bf5 Rcb8 34.Qh5 Bf6 35.c5 Qxc5 36.Rxa6 Rb2 37.Re3 R2b7
38.d6 g6 39.Bxg6 fxg6 40.Qxg6 Bg7 41.d7 Qe7 42.Qh7 e4 43.Qf5+ Kg8 44.Qd5+ Kh8
45.Rxe4 Rb1+ 46.Kh2 R1b5 47.Qxb5  1-0

[Event "Open"]
[Site "Eforie Nord ROU"]
[Date "2010.06.20"]
[Round "3"]
[White "Szabo,G ROM"]
[Black "Soltanici,R"]
[Result "1/2-1/2"]
[WhiteElo "2546"]
[BlackElo "2412"]

1.e4 e5 2.Nf3 Nc6 3.Bb5 a6 4.Ba4 Nf6 5.O-O Be7 6.Re1 b5 7.Bb3 d6 8.c3 O-O
9.h3 Nb8 10.d4 Nbd7 11.c4 c6 12.Nbd2 Bb7 13.Bc2 Re8 14.b3 Bf8 15.Bb2 Qc7
16.Rc1 Rad8 17.Bd3 Qb8 18.Qc2 g6 19.Bf1 Bg7 20.Qb1 Qa8 21.d5 b4 22.dxc6 Bxc6
23.Bd3 Nc5 24.Bc2 a5  1/2-1/2

[Event "Open"]
[Site "Teplice CZE"]
[Date "2010.06.20"]
[Round "9"]
[White "Hadraba,V"]
[Black "Kotva,M"]
[Result "0-1"]
[WhiteElo "2244"]
[BlackElo "2066"]

1.e4 e5 2.Nf3 Nc6 3.Bb5 a6 4.Ba4 Nf6 5.O-O Be7 6.Re1 b5 7.Bb3 O-O 8.c3 d6
9.h3 Nb8 10.d4 Nbd7 11.Nbd2 Bb7 12.Bc2 Re8 13.Nf1 c5 14.d5 Bf8 15.Ng3 g6
16.Be3 h6 17.Qd2 Kh7 18.Rf1 Bg7 19.Nh2 Nb6 20.b3 Ng8 21.Rad1 Bc8 22.Ne2 f5
23.exf5 gxf5 24.g4 Qh4 25.gxf5 Nf6 26.Kg2 e4 27.Bf4 Bxf5 28.Bg3 Qxh3+ 29.Kg1 Nh5
30.Bxd6 Be5 31.Bxe5 Rxe5 32.Kh1 Rg8 33.Rg1 Bg4 34.Qe3 Qxe3 35.fxe3 Bxe2 36.Rxg8 Bxd1
37.Rb8 Bxc2 38.Rb7+ Kg6 39.Rxb6+ Kg5 40.d6 Rd5 41.Rxa6 Ng3+ 42.Kg2 Nf5 43.Nf1 Bd3  0-1